=LDR 00000nam 2200000 4500 =001 INLIS000000000060548 =005 20220222120708 =035 ##$$a 0010-0222000102 =007 ta =008 220222################g##########0#ind## =082 ##$$a 810 =084 ##$$a 810 ANT t =100 #$$a Antemas, Anggraini =245 1#$$a Tunas-Tunas Mekar Pagi /$c Anggraini Antemas =260 ##$$a Jakarta :$b Proyek Penerbitan Buku Sastra Indonesia dan Daerah,$c 1985 =300 ##$$a 68 hal ; $c 21 cm =600 #4$$a Sastra =990 ##$$a 06290629 =990 ##$$a 1198500081